Guess the album by its badly drawn cover - quiz 4 - Statistics

General Stats
  • This quiz has been taken 82 times
  • The average score is 5 of 8
Answer Stats
Picture Answer % Correct
brat
85%
Nevermind
72%
Cowboy Carter
68%
SOS
68%
HIT ME HARD AND SOFT
64%
The Rise and Fall of a Midwest Princess
43%
Is This It?
33%
Radical Optimism
26%
No matching quizzes found
Score Distribution
Percent of People with Each Score
Percentile by Number Answered
Your Score History
You have not taken this quiz